00663nam a2200193Ia 4500003000900000008004100009040001600050080001300066245008400079260003800163300001400201650002600215650002800241700003100269700003300300942000700333999001500340952011400355IN-BaIIA211028s9999 xx 000 0 eng d cIIA Library a482bTUR 0aRussian for the scientist.cedited by John Turkevich and Ludmilla B. Turkevich aNew JerseybD. Van Nostrandc1959 aix, 255p. aRussian grammar93712 aRussian scientist93713 aTurkevich, John, ed.93714 aTurkevich, Ludmilla B.93715 cBK c1955d1955 00104070aBANbBANcGENd0000-00-00g26.78l0o482/ TURp2195r2021-11-05v26.78w0000-00-00yBKGRs. 26.78